000 01114nam a2200337Ia 4500
003 OSt
005 20221007121603.0
006 a|||||r|||| 00| 0
007 ta
008 221006b |||||||| |||| 00| 0 eng d
020 _a9781108716987 (pbk)
024 _a200930
037 _b9992, 03/02/2020, The Book Seller
_cTextual
040 _aBDL
_cBDL
_beng
041 _2eng
_aeng
082 _aE9G, Q8;2 Carb
100 _aHofmann Andreas Ed.
245 0 _aWilson and walker's principles and techniques of biochemistry and molecular biology
_b Clokie Samuel Ed.
250 _a8
260 _aNew
_bDelhi Cambridge University Press
_c2018
300 _axxx, 929p. ill.
_ccm.
500 _aIndex 906-929p.
650 _a Data analysis
_9451310
650 _a Flow cytometry
_9712259
650 _a Mass spectrometric techniques
_9712481
650 _a Microscopy
650 _aBotany
700 _a Clokie Samuel Ed.
_9480944
942 _hE9G, Q8;2 Carb
_cTEXL
_2CC
999 _c1209055
_d1209055